Catálogo público

Fundamentos químicos de las ciencias biológicas (Record no. 53717)

MARC details
000 -CABECERA
campo de control de longitud fija 01095nam a22003377a 4500
003 - IDENTIFICADOR DEL NÚMERO DE CONTROL
campo de control CHAP
005 - FECHA Y HORA DE LA ÚLTIMA TRANSACCIÓN
campo de control 20220329140539.0
008 - DATOS DE LONGITUD FIJA--INFORMACIÓN GENERAL
campo de control de longitud fija 971013c19791966 r 00010 d
010 ## - NÚMERO DE CONTROL DE LA BIBLIOTECA DEL CONGRESO
Número de control de LC 53717
011 ## - ENLACE DEL NUMERO DE CONTROL DE LA BIBLIOTECA DEL CONGRESO [OBSOLETO]
Número de control de LC 54689
035 ## - NÚMERO DE CONTROL DEL SISTEMA
Número de control de sistema 58840
040 ## - FUENTE DE LA CATALOGACIÓN
Centro/agencia transcriptor CHAP
082 ## - NÚMERO DE LA CLASIFICACIÓN DECIMAL DEWEY
Número de clasificación 540
Número de documento/Ítem W45Y 1970
100 00 - ENTRADA PRINCIPAL--NOMBRE DE PERSONA
Nombre de persona White, Emil H.
9 (RLIN) 121685
245 ## - MENCIÓN DE TÍTULO
Título Fundamentos químicos de las ciencias biológicas
260 ## - PUBLICACIÓN, DISTRIBUCIÓN, ETC.
Lugar de publicación, distribución, etc. México, D.F. :
Nombre del editor, distribuidor, etc. UTEHA,
Fecha de publicación, distribución, etc. 1979 (c.1966)
300 ## - DESCRIPCIÓN FÍSICA
Extensión 261 p.
Otras características físicas : ilus.
490 ## - MENCIÓN DE SERIE
Mención de serie Manuales UTEHA
Designación de volumen o secuencia ; 243
500 ## - NOTA GENERAL
Nota general Trad. de la 2a. ed. en inglés de 1970
590 ## - NOTA LOCAL (RLIN)
Nota local BATCH-UPD
Procedencia (VM) [OBSOLETO] 10
Condición del los carretes individuales (VM) [OBSOLETO] 20130110
-- UCH01
-- 1510
590 ## - NOTA LOCAL (RLIN)
Nota local BATCH-UPD
Procedencia (VM) [OBSOLETO] 10
Condición del los carretes individuales (VM) [OBSOLETO] 20130410
-- UCH01
-- 0927
590 ## - NOTA LOCAL (RLIN)
Nota local BATCH-UPD
Procedencia (VM) [OBSOLETO] 10
Condición del los carretes individuales (VM) [OBSOLETO] 20130914
-- UCH01
-- 0644
590 ## - NOTA LOCAL (RLIN)
Nota local CONVERSION
Procedencia (VM) [OBSOLETO] 10
Condición del los carretes individuales (VM) [OBSOLETO] 20130109
-- UCH01
-- 1329
650 14 - PUNTO DE ACCESO ADICIONAL DE MATERIA--TÉRMINO DE MATERIA
Término de materia o nombre geográfico como elemento de entrada Bioquímica.
9 (RLIN) 12849
650 14 - PUNTO DE ACCESO ADICIONAL DE MATERIA--TÉRMINO DE MATERIA
Término de materia o nombre geográfico como elemento de entrada Química.
9 (RLIN) 93552
830 0# - PUNTO DE ACCESO ADICIONAL DE SERIE-TÍTULO UNIFORME
Título uniforme Manuales UTEHA
Designación de volumen o secuencia ; 243
9 (RLIN) 70712
901 ## - ELEMENTOS DE DATOS A LOCAL LDA (RLIN)
a BK
942 ## - ELEMENTOS DE PUNTO DE ACCESO ADICIONAL (KOHA)
Tipo de ítem Koha Libro
949 ## - PROCESAMIENTO DE INFORMACIÓN LOCAL (OCLC)
a 540 W45Y 1970
b BC
c LIBRO
d 33724000573259
e LIBRO
f c.2
g I.c/e
h 15102
i 58840
s i
949 ## - PROCESAMIENTO DE INFORMACIÓN LOCAL (OCLC)
a 540 W45Y 1970
b BC
c MUT
d -127509
e MUT
g I.c/e
h 11079
i 58840
s i
Holdings
Estado de retiro Estado de pérdida Fuente del sistema de clasificación o colocación Estado dañado Restricciones de uso No para préstamo Código de colección Localización permanente Ubicación/localización actual Ubicación en estantería Fecha de adquisición Fuente de adquisición Información codificada de la localización en otra ubicación Total de préstamos Signatura topográfica completa Código de barras Fecha visto por última vez Número de copia Precio válido a partir de Tipo de ítem Koha
    Dewey Decimal Classification   Préstamo 15 días   General Biblioteca Central Biblioteca Central Planta alta - Colección General 31/12/2019 I.c/e LIBRO   540 W45Y 1970 33724000938486 31/12/2019 c.2 31/12/2019 Libro
      Material dañado Préstamo 3 días   Material mutilado Biblioteca Central Biblioteca Central   31/12/2019 I.c/e LIBRO   540 W45Y 1970 54780-20 31/12/2019   31/12/2019 Libro